Back and forth / (Record no. 4945)

MARC details
000 -LEADER
fixed length control field 00869nam a22002897a 4500
001 - CONTROL NUMBER
control field 4945
003 - CONTROL NUMBER IDENTIFIER
control field FISKH
005 - DATE AND TIME OF LATEST TRANSACTION
control field 20250827085909.0
008 - FIXED-LENGTH DATA ELEMENTS--GENERAL INFORMATION
fixed length control field 241028b cb ||||| |||| 00| 0 eng d
020 ## - INTERNATIONAL STANDARD BOOK NUMBER
International Standard Book Number 9780516225524
040 ## - CATALOGING SOURCE
Original cataloging agency FISKH
Language of cataloging eng
Transcribing agency FISKH
Modifying agency FISKH
050 ## - LIBRARY OF CONGRESS CALL NUMBER
Classification number QC133.5
082 ## - DEWEY DECIMAL CLASSIFICATION NUMBER
Classification number 531.32
100 ## - MAIN ENTRY--PERSONAL NAME
Personal name J. Murphy, Patricia
Dates associated with a name (1924-2022)
245 ## - TITLE STATEMENT
Title Back and forth /
Statement of responsibility, etc. By Patricia J. Murphy Consultants Martha Walsh, Reading Specialist Jan Jenner, Ph.D.
250 ## - EDITION STATEMENT
Edition statement 2002
260 ## - PUBLICATION, DISTRIBUTION, ETC.
Place of publication, distribution, etc. Canada :
Name of publisher, distributor, etc. Children,
Date of publication, distribution, etc. 2002.
300 ## - PHYSICAL DESCRIPTION
Extent 32 pages :
Other physical details color illustrations ;
Dimensions 19 cm
505 ## - FORMATTED CONTENTS NOTE
Formatted contents note J<br/>
520 ## - SUMMARY, ETC.
Summary, etc. A simple introduction to back and forth movement.
521 8# - TARGET AUDIENCE NOTE
Target audience note 470<br/><br/>
Source Lexile<br/>
521 8# - TARGET AUDIENCE NOTE
Target audience note J<br/>
Source Raz-Plus<br/>
650 ## - SUBJECT ADDED ENTRY--TOPICAL TERM
Source of heading or term Non-fiction
Topical term or geographic name entry element Green bookshelf
650 ## - SUBJECT ADDED ENTRY--TOPICAL TERM
Source of heading or term Primary content area
Topical term or geographic name entry element Science
942 ## - ADDED ENTRY ELEMENTS (KOHA)
Source of classification or shelving scheme Dewey Decimal Classification
Koha item type Books
Suppress in OPAC No
Holdings
Withdrawn status Lost status Source of classification or shelving scheme Damaged status Not for loan Collection Home library Current library Shelving location Date acquired Total Checkouts Full call number Barcode Date last seen Copy number Price effective from Koha item type
    Dewey Decimal Classification     Non-Fiction Footprints International School Library Network Toul Kork Campus Footprints International School Library Network Toul Kork Campus TK Primary Library Room(4th Floor), Bookcase 1&2, Shelves 1-16, Dark Blue Books 10/28/2024   MUR 531.32 QC133.5 FISTK03272 10/28/2024 1 10/28/2024 Books
    Dewey Decimal Classification     Non-Fiction Footprints International School Library Network Toul Tom Poung Campus Footprints International School Library Network Toul Tom Poung Campus TTP Primary Dark Blue Bookshelves 08/27/2025   MUR 531.32 QC133.5 FIS03568 08/27/2025 2 08/27/2025 Books